00694nam a2200229Ia 4500001000700000003000500007008004100012010001100053020001800064040000900082082001700091100002200108245006200130260004900192300001700241440009200258503002000350504003300370650001400403650001800417650002900435Z_3107CHAP220113s9999 xx 000 0 und d a166206 a0-471-86681-4 cCHAP a512.9434 S43 aSearle, Shayle R. aMatrix algebra useful for statistics /cShayle R. Searle aEstados Unidos de América :bWiley,c  axxii, 438 p. aWiley series in probality and mathematical statistics. Applied probality and statistics aej.1: fotocopia aBibliografía: p. 429 - 431 aÁlgebra aEstadística aMatrices (Matemáticas)